000 00263nam a2200109Ia 4500
008 190216s9999||||xx |||||||||||||| ||und||
100 _aGovinda Pilla G
245 0 _aJavaharlal Nehru
260 _bPoorna Pubs Kozhikode
650 _aJeeva Charithram
942 _cBK
999 _c25773
_d25773